Television Shows In Threes Quiz Stats

 Plays Quiz Updated Mar 12, 2017

Support Sporcle.
Go Orange.
Score 0/20 Timer 04:00
1 Play Today
Hint Show % Correct
Tobias Arrested Bateman

Arrested Development
93.8%
Parsons Penny Theory

The Big Bang Theory
93.5%
Ricky Love Lucille

I Love Lucy
93.1%
Debra Loves Romano

Everybody Loves Raymond
92.4%
Richie Winkler Happy

Happy Days
90.4%
January Mad Draper

Mad Men
89.3%
Bad White Bryan

Breaking Bad
89.1%
Neil Mother Robin

How I Met Your Mother
88.1%
Olsen House Joey

Full House
87.8%
Knope Parks Aziz

Parks and Recreation
86.6%
Hint Show % Correct
Topanga Meets Savage

Boy Meets World
84.3%
Sofia Family Dunphy

Modern Family
83.1%
Sunny Dee DeVito

It's Always Sunny in Philadelphia
81.1%
All Archie Stapleton

All in the Family
80.2%
Paquin Bill Blood

True Blood
76.7%
Lowe West Jed

The West Wing
75.7%
Doctor Pond Tennant

Doctor Who
73.5%
Steve Empire Nucky

Boardwalk Empire
66.3%
Bean Stark Game

Game of Thrones
61.8%
Dead Lincoln Grimes

The Walking Dead
61.1%

You're not logged in!

Compare scores with friends on all Sporcle quizzes.
OR
Log In
Forgot?

From the Vault

10 to 1: Product Brands IV

by filmstudy

It's never too late for some last minute holiday gift ideas.
Remove Ads.
Support Sporcle.
Get the best of Sporcle when you Go Orange. This ad-free experience offers more features, more stats, and more fun while also helping to support Sporcle. Thank you for becoming a member.

Show Comments

Extras

Top Quizzes Today


Score Distribution

Your Account Isn't Verified!

In order to create a playlist on Sporcle, you need to verify the email address you used during registration. Go to your Sporcle Settings to finish the process.

Report this User

Report this user for behavior that violates our Community Guidelines.

Details: